A-Z: Answers containing "Amp" - Statistics

General Stats
  • This quiz has been taken 12 times
  • The average score is 14 of 26
Answer Stats
Initial Clue Answer % Correct
A Speaker for guitars, or part of a stereo which increases the volume Amplifier
100%
G Modern portmanteaux of the words glamorous and camping Glamping
100%
S Fluid used to wash your hair Shampoo
100%
T Object that children enjoy bouncing on, with springs Trampoline
100%
V Fictional monster who enjoys consuming blood Vampire
100%
J Alternative past tense that some people use for a verb meaning to leap Jamp
83%
N County town in central England Northampton
83%
D To mute guitar strings slightly; or to make something wetter Dampen
75%
H Picnic basket; or to obstruct Hamper
75%
R Overhaul, renovate; change or arrange something again, in order to improve it Revamp
75%
U To release from a vice-like object, such as those used on illegally-parked cars Unclamp
75%
W Birmingham suburb whose football team are associated with a certain animal Wolverhampton
75%
C Scottish surname of old American singer Glen and Motorhead guitarist Phil Campbell
67%
E Specific instance used to illustrate a general concept, clarify an idea Example
67%
K Former name for Cambodia Kampuchea
67%
L Satirize Lampoon
58%
I Involving two or more locations of a university Inter-campus
50%
M Drug whose name is part of MDMA (ecstasy) Methamphetamine
33%
P Device which boosts weak audio signals before further processing is done Preamp
25%
O Town that's alright in eastern Devon Okehampton
17%
B Sumatran city Bandar Lampung
8%
F Town in Normandy Fécamp
8%
Q Village in Belgium which is worth cutting off to visit, and having a gas Quevaucamps
0%
X Village of Mexico which is pretty cool, in an offbeat way Xoampolco
0%
Y Village of the Ivory Coast where you take your amp even if it rains, because the rain won't last forever Youampleu
0%
Z Dutch village where one might live outdoors in a tent Zoutkamp
0%
No matching quizzes found
Score Distribution
Percent of People with Each Score
Percentile by Number Answered
Your Score History
You have not taken this quiz